Statystyki dla Wszystkie zespoły na Mistrzostwach Świata 2023

Kliknij tutaj aby rozwiązać quiz!

Ogólne statystyki

  • Ten quiz został rozwiązany 20 razy
  • Średni wynik to 20 z 32

Statystyki odpowiedzi

GrupaDrużyna% Poprawnych
FFrancja
90%
CHiszpania
90%
HNiemcy
90%
BAustralia
85%
EStany Zjednoczone
85%
DAnglia
80%
FBrazylia
80%
EHolandia
80%
ANowa Zelandia
80%
GWłochy
80%
DDania
75%
CJaponia
75%
BKanada
75%
GSzwecja
75%
GArgentyna
70%
ANorwegia
70%
EPortugalia
70%
DChiny
65%
ASzwajcaria
65%
HKorea Południowa
60%
HMaroko
60%
HKolumbia
55%
AFilipiny
50%
BIrlandia
50%
BNigeria
50%
GRepublika Południowej Afryki
50%
DHaiti
35%
FJamajka
30%
CKostaryka
30%
FPanama
30%
EWietnam
20%
CZambia
20%

Rozkład punktacji

Percentyl według liczby udzielonych odpowiedzi

Procent ludzi z każdym wynikiem

Twoja historia wyników

Nie rozwiązałeś tego quizu